000 00677nam a2200193Ia 4500
003 GCL
005 20240530103146.0
008 140319s9999 xx 000 0 ara d
040 _aGCL /
_cGCL
082 0 4 _a953
_bر ت
_221
100 1 _aرزق الله منقريوس الصرفى
245 1 0 _aتاريخ دول الاسلام /
_cرزق الله منقريوس الصرفى
260 _aالقاهرة :
_bالدار العالمية للنشر والتوزيع ،
_c1986
300 _aمتعدد ؛
_c24 سم
650 0 4 _aالتاريخ الاسلامى
650 0 4 _aالعالم الاسلامى
650 0 4 _aالحضارة الاسلامية
942 _2ddc
_cBK
999 _c37237
_d37237